Нелинейность - специфика прочтения текста в информационном обществе; Актуальные проблемы социальной философии

Manylion Llyfryddiaeth
Parent link:Актуальные проблемы социальной философии.— 2005.— С. 74-75
Prif Awdur: Конюхова Т. В. Татьяна Васильевна
Iaith:Rwseg
Cyhoeddwyd: 2005
Pynciau:
Fformat: Pennod Llyfr
KOHA link:https://koha.lib.tpu.ru/cgi-bin/koha/opac-detail.pl?biblionumber=92874

MARC

LEADER 00000naa2a2200000 4500
001 92874
005 20240221095109.0
035 |a (RuTPU)RU\TPU\book\99480 
090 |a 92874 
100 |a 20060321d2005 k y0rusy50 ca 
101 0 |a rus 
102 |a RU 
200 1 |a Нелинейность - специфика прочтения текста в информационном обществе  |f Т. В. Конюхова 
320 |a Библиогр.: 4 назв. 
463 0 |0 (RuTPU)RU\TPU\book\95664  |t Актуальные проблемы социальной философии  |o сборник трудов I Всероссийской научно-практической конференции, Томск, 25-26 октября 2005 г.  |h вып. 3  |f Томский политехнический университет; гл. ред. А. А. Корниенко  |v С. 74-75  |d 2005  |p 213 с. 
610 1 |a информационное общество 
610 1 |a тексты 
610 1 |a нелинейность 
610 1 |a нелинейные модели 
610 1 |a труды учёных ТПУ 
700 1 |a Конюхова  |b Т. В.  |c философ  |c доцент Томского политехнического университета, кандидат философских наук  |f 1980-  |g Татьяна Васильевна  |3 (RuTPU)RU\TPU\pers\25558  |9 11488 
801 1 |a RU  |b 63413507  |c 20060321  |g PSBO 
801 2 |a RU  |b 63413507  |c 20110113  |g RCR 
942 |c BK